| 000 | 00749nam a22001937a 4500 | ||
|---|---|---|---|
| 999 |
_c16673 _d16673 |
||
| 003 | AR-CdUCM | ||
| 008 | 190504b ||||| |||| 00| 0 spa d | ||
| 040 |
_aMUNICIPALIDAD PROVINCIAL DEL CUSCO _cBIBLIOTECA MUNICIPAL DEL CUSCO |
||
| 082 |
_a501 / _bN53 |
||
| 100 |
_aNicol, Eduardo. _936247 |
||
| 245 | _aLos principios de la ciencia / | ||
| 260 |
_aMéxico : _bFondo de cultura económica, _c1965. |
||
| 300 |
_a510 páginas ; _c22 cm. |
||
| 505 | _aContenido :La crisis de la ciencia -- Física y metafísica -- El principio de la causalidad -- Principios y orígenes -- La primera versión de los principios ... | ||
| 650 |
_aLa metafísica. _936248 |
||
| 650 |
_aCiencias aplicadas. _920077 |
||
| 942 |
_2ddc _cLIBROS |
||
| 945 |
_arum _d2019-05-04 |
||